| 000 | 00363nam a2200145Ia 4500 | ||
|---|---|---|---|
| 008 | 240624s9999 xx 000 0 und d | ||
| 041 | _aeng | ||
| 082 | _a300.72 RAG | ||
| 100 | _aRAGIN CHARLES C | ||
| 245 | _aCONSTRUCTING SOCIAL RESEARCH THE UNITY A | ||
| 250 | _a(3rd ed.) | ||
| 260 |
_c2019 _aLondon _bSage |
||
| 300 | _axii, 217 p.; 23 cm. | ||
| 365 |
_c _b35 |
||
| 999 |
_c31662 _d31662 |
||